|
|
|
|
| LEADER |
01265aam a22003252a 4500 |
| 001 |
000752049 |
| 003 |
CZ BrMZK |
| 005 |
20210527094038.0 |
| 007 |
ta |
| 008 |
041127s1992 xr a er|||||||||||cze d |
| 015 |
|
|
|a cnb000074176
|
| 020 |
|
|
|a 80-85623-23-4
|q (brož.)
|
| 040 |
|
|
|a ABA001
|b cze
|
| 080 |
9 |
|
|a 681.3.06
|2 undef
|
| 100 |
1 |
|
|a Přichystal, Oldřich,
|d 1950-
|7 jn19990209697
|
| 245 |
1 |
0 |
|a Téměř vše o sítích Novell
|
| 260 |
|
|
|a Praha :
|b Grada,
|c 1992
|
| 300 |
|
|
|a 427 s. :
|b obr., tab., schémata ;
|c 23 cm
|
| 490 |
1 |
|
|a Nestůjte za dveřmi
|
| 500 |
|
|
|a Věcný a názvový rejstřík
|
| 504 |
|
|
|a Obsahuje bibliografii
|
| 653 |
0 |
|
|a Novell NetWare
|a Novell NetWare Lite
|a operační systémy
|a počítačové sítě
|
| 655 |
|
7 |
|a příručky
|7 fd133209
|2 czenas
|
| 700 |
1 |
|
|a Samec, Libor
|7 jx20050527030
|4 art
|
| 830 |
|
0 |
|a Nestůjte za dveřmi (Grada)
|0 s
|
| 910 |
|
|
|a BOA001
|b 2-0988.696
|b 2-0993.616
|b TK-0251.679
|
| 990 |
|
|
|a BK
|
| 996 |
6 |
|
|b 2619350634
|c 2-0988.696
|l MZK
|r Sklad / do 1 hodiny
|n 0
|w 000752049
|u 000010
|a 1
|e BOA001
|j MZK50
|s P
|
| 996 |
6 |
|
|b 2619959968
|c 2-0993.616
|l MZK
|r Sklad / do 1 hodiny
|n 11
|w 000752049
|u 000020
|a 1
|e BOA001
|j MZK50
|s P
|
| 996 |
7 |
|
|b 2629988063
|c TK-0251.679
|l MZK
|r Sklad / do 24 hodin
|n 4
|w 000752049
|u 000030
|a 1
|e BOA001
|j MZK50
|s A
|